Рациональная методика поисков и геолого-экономической оценки месторождений руд редких и радиоактивных элементов: методические указания

Bibliografische gegevens
Hoofdauteur: Домаренко В. А. Виктор Алексеевич
Coauteur: Томский политехнический университет (ТПУ)
Samenvatting:Заглавие с титульного экрана
Электронная версия печатной публикации
Режим доступа: из корпоративной сети ТПУ
Taal:Russisch
Gepubliceerd in: Томск, Изд-во ТПУ, 2008
Onderwerpen:
Online toegang:http://www.lib.tpu.ru/fulltext2/m/2010/m157.pdf
Formaat: Elektronisch Boek
KOHA link:https://koha.lib.tpu.ru/cgi-bin/koha/opac-detail.pl?biblionumber=184975

MARC

LEADER 00000nlm0a2200000 4500
001 184975
005 20231101223902.0
035 |a (RuTPU)RU\TPU\book\200611 
090 |a 184975 
100 |a 20100928d2008 m y0rusy50 ca 
101 0 |a rus 
102 |a RU 
105 |a y j 001zy 
135 |a drgn ---uucaa 
181 0 |a i  
182 0 |a b 
200 1 |a Рациональная методика поисков и геолого-экономической оценки месторождений руд редких и радиоактивных элементов  |b Электронный ресурс  |e методические указания  |f В. А. Домаренко  |g Томский политехнический университет (ТПУ) 
203 |a Текст  |c электронный 
210 |a Томск  |c Изд-во ТПУ  |d 2008 
230 |a 1 компьютерный файл (pdf; 1.1 Mb) 
300 |a Заглавие с титульного экрана 
300 |a Электронная версия печатной публикации 
333 |a Режим доступа: из корпоративной сети ТПУ 
337 |a Adobe Reader 
452 1 |0 (RuTPU)RU\TPU\book\169861  |y 5-98298-304-7  |t Рациональная методика поисков и геолого-экономической оценки месторождений руд редких и радиоактивных элементов  |o методические указания  |f В. А. Домаренко  |g Томский политехнический университет (ТПУ)  |c Томск  |n Изд-во ТПУ  |d 2008  |p 28 с.  |a Домаренко, Виктор Алексеевич 
606 1 |a Редкие элементы  |x Месторождения  |2 stltpush  |3 (RuTPU)RU\TPU\subj\24258  |9 48658 
606 1 |a Радиоактивные элементы  |x Месторождения  |2 stltpush  |3 (RuTPU)RU\TPU\subj\22441  |9 47199 
610 1 |a геология 
610 1 |a теоретические курсы 
610 1 |a практические курсы 
610 1 |a методические указания 
610 1 |a труды учёных ТПУ 
610 1 |a полезные ископаемые 
610 1 |a редкие элементы 
610 1 |a радиоактивные элементы 
610 1 |a электронный ресурс 
675 |a 553.493.5(076.5)  |v 3 
675 |a 553.495(076.5)  |v 3 
700 1 |a Домаренко  |b В. А.  |c геолог  |c доцент Томского политехнического университета, кандидат геолого-минералогических наук  |f 1947-  |g Виктор Алексеевич  |2 stltpush  |3 (RuTPU)RU\TPU\pers\26058 
712 0 2 |a Томский политехнический университет (ТПУ)  |c (1991-2009)  |2 stltpush  |3 (RuTPU)RU\TPU\col\376 
801 1 |a RU  |b 63413507  |c 20100928 
801 2 |a RU  |b 63413507  |c 20160620  |g RCR 
856 4 |u http://www.lib.tpu.ru/fulltext2/m/2010/m157.pdf 
942 |c CF